|
|
|
|
| LEADER |
00709nta a2200205 i 4500 |
| 001 |
dokt7001 |
| 005 |
20220712132334.0 |
| 008 |
220712s1982 hu om 0|| hun d |
| 040 |
|
|
|a SZTE Doktori Repozitórium
|b hun
|
| 041 |
|
|
|a hun
|
| 100 |
1 |
|
|a Bus Veronika
|
| 245 |
1 |
3 |
|a Az Ehrlich-ascitescarcinoma sejtek A-vírusokhoz hasonló részecskéinek jellemzése
|h [elektronikus dokumentum] /
|c Bus Veronika
|
| 260 |
|
|
|c 1982
|
| 502 |
|
|
|a Disszertacio
|
| 650 |
|
4 |
|a biológiai tudományok
|
| 650 |
|
4 |
|a Természettudományok
|
| 650 |
|
4 |
|a Biológiai tudományok
|
| 695 |
|
|
|a Biológia
|
| 700 |
1 |
|
|a nincs megadva
|e ths
|
| 856 |
4 |
0 |
|u https://doktori.bibl.u-szeged.hu/id/eprint/7001/1/1982_bus_veronika.pdf
|z Dokumentum-elérés
|